[Event "II Torneo Internacional Puente Foral. D"]
[Site "Huarte (Navarra)"]
[Date "2007.12.02"]
[Round "1.4"]
[White "Rebole Arbea, Pedro"]
[Black "Oyaga Valencia, Jesus Maria"]
[Result "1/2-1/2"]
[WhiteElo "1775"]
[BlackElo "1810"]
[PlyCount "144"]
[EventDate "2007.12.02"]

1. e4 c5 2. c3 Nf6 3. d3 d6 4. Nf3 Nc6 5. Be2 g6 6. O-O Bg7 7. Nbd2 e5 8. Nb3
O-O 9. Bg5 Qb6 10. Nfd2 Ne8 11. Nc4 Qc7 12. Be3 f5 13. f4 b5 14. Ncd2 Qb6 15.
fxe5 Bxe5 16. Nf3 Nf6 17. Qd2 fxe4 18. Nxe5 Nxe5 19. d4 Ned7 20. dxc5 Nxc5 21.
Nxc5 dxc5 22. b4 Rd8 23. Qc2 Qc6 24. Bxc5 Bf5 25. Qb3+ Kg7 26. Bd4 Rf8 27. g4
Be6 28. Qb2 g5 29. Qd2 Kg6 30. Rxf6+ Rxf6 31. Bxf6 Kxf6 32. Qd4+ Kg6 33. Qe5
Bd5 34. Rd1 Rd8 35. Qf5+ Kh6 36. Qe5 Rd7 37. Rf1 Rf7 38. Rxf7 Bxf7 39. Qxb5
Qxc3 40. a4 {(=)} e3 41. Qf5 Qe1+ 42. Qf1 Qxf1+ 43. Kxf1 Kg7 44. Bd3 Bb3 45. a5
Bd1 46. Be2 Bc2 47. b5 Kf6 48. b6 axb6 49. axb6 Be4 50. Ba6 h5 51. gxh5 g4 52.
b7 Bxb7 53. Bxb7 Kg5 54. Ke2 Kxh5 55. Kxe3 Kg5 56. Bg2 Kf5 57. Bf1 Ke5 58. Bd3
Kf6 59. Kf4 Kg7 60. Kxg4 Kh8 61. Kg5 Kg8 62. Kh6 Kh8 63. h4 Kg8 64. Kg6 Kh8 65.
h5 Kg8 66. Kf6 Kh8 67. Bg6 Kg8 68. Ke7 Kh8 69. Bf7 Kg7 70. Ke8 Kh8 71. Kf8 Kh7
72. Be8 Kh8 1/2-1/2

[Event "II Torneo Internacional Puente Foral. D"]
[Site "Huarte (Navarra)"]
[Date "2007.12.03"]
[Round "2.1"]
[White "Anguas Fanlo, Sergio"]
[Black "Oyaga Valencia, Jesus Maria"]
[Result "1-0"]
[WhiteElo "2048"]
[BlackElo "1810"]
[PlyCount "107"]
[EventDate "2007.12.02"]

1. f4 d5 2. Nf3 c5 3. b3 Nc6 4. Bb2 Nf6 5. e3 Bg4 6. h3 Bxf3 7. Qxf3 e6 8. a3
Rc8 9. Be2 Ne4 10. O-O Qh4 11. Kh2 f5 12. g3 Qd8 13. d3 Nf6 14. Nd2 Be7 15.
Rad1 O-O 16. e4 Nd4 17. Qf2 Nxc2 18. exf5 exf5 19. Rc1 Nd4 20. Bxd4 cxd4 21. b4
Qb6 22. Nb3 Rc3 23. Rxc3 dxc3 24. Qxb6 axb6 25. Rc1 Rc8 26. Nd4 g6 27. Nb5 c2
28. Bf3 Kf7 29. Kg2 Ke6 30. Nd4+ Kd6 31. Rxc2 Rxc2+ 32. Nxc2 Ne8 33. g4 Bf6 34.
gxf5 gxf5 35. Ne3 Nc7 36. Nxf5+ Ke6 37. Ne3 Bb2 38. a4 d4 39. Nc4 Bc3 40. b5
Nd5 41. Bxd5+ Kxd5 42. Nxb6+ Ke6 43. Nc4 Kd5 44. a5 Kc5 45. a6 bxa6 46. bxa6
Kc6 47. Kf3 Kc7 48. Ke4 Kb8 49. f5 Ka7 50. f6 Kxa6 51. Kd5 Bb4 52. Nd6 Bd2 53.
Nf5 Bb4 54. Nxd4 1-0

[Event "II Torneo Internacional Puente Foral. D"]
[Site "Huarte (Navarra)"]
[Date "2007.12.03"]
[Round "2.2"]
[White "Apesteguia Domaica, Jose Antoni"]
[Black "Rebole Arbea, Pedro"]
[Result "1-0"]
[WhiteElo "1885"]
[BlackElo "1775"]
[PlyCount "97"]
[EventDate "2007.12.02"]

1. d4 d5 2. c4 c6 3. Nf3 e6 4. e3 Nf6 5. Bd3 Bd6 6. Nc3 Nbd7 7. O-O O-O 8. h3
e5 9. cxd5 Nxd5 10. Nxd5 cxd5 11. Nxe5 Nxe5 12. dxe5 Bxe5 13. Qh5 f5 14. Rb1 g6
15. Qf3 b6 16. b4 Bb7 17. Bb2 Qd6 18. Bxe5 Qxe5 19. Rfc1 Rac8 20. Qd1 d4 21.
Bc4+ Kg7 22. Qxd4 Qxd4 23. exd4 Be4 24. Ba6 Rcd8 25. Rc7+ Rf7 26. Rxf7+ Kxf7
27. Rd1 Ke6 28. f3 Bc6 29. Kf2 Kd6 30. Bc4 Re8 31. Re1 Rxe1 32. Kxe1 Bd5 33.
Bd3 Bg8 34. Kd2 f4 35. Kc3 g5 36. Bc4 Bd5 37. Bxd5 Kxd5 38. b5 h5 39. a3 Ke6
40. Kc4 Kd6 41. Kc3 Kd5 42. Kd3 Ke6 43. Ke4 h4 44. d5+ Kd6 45. Kd4 Ke7 46. Ke5
Kd7 47. d6 Ke8 48. Ke6 Kd8 49. d7 1-0

[Event "II Torneo Internacional Puente Foral. D"]
[Site "Huarte (Navarra)"]
[Date "2007.12.03"]
[Round "2.3"]
[White "Aguinaga Ruiz, Jesus Luis"]
[Black "Mauleon Gutierrez, Iraitz"]
[Result "1-0"]
[WhiteElo "2063"]
[BlackElo "1842"]
[PlyCount "53"]
[EventDate "2007.12.02"]

1. d4 g6 2. Nf3 Bg7 3. c4 d6 4. Nc3 Nf6 5. h3 O-O 6. Bf4 Nbd7 7. e3 h6 8. Be2
Nh7 9. O-O e5 10. Bh2 Re8 11. Qc2 c6 12. Rfd1 Qe7 13. b4 f5 14. b5 Nhf6 15.
bxc6 bxc6 16. Qa4 Bb7 17. Rab1 Reb8 18. Qa3 Ne4 19. Nxe4 fxe4 20. Nd2 c5 21.
Nb3 Rc8 22. Bg4 exd4 23. Nxd4 Nb6 24. Bxc8 Bxc8 25. Nc6 Qg5 26. Bf4 Qf5 27.
Ne7+ 1-0

[Event "II Torneo Internacional Puente Foral. D"]
[Site "Huarte (Navarra)"]
[Date "2007.12.03"]
[Round "2.4"]
[White "Iza Abete, Amaia"]
[Black "Ruiz Escobar, Rafael"]
[Result "1-0"]
[WhiteElo "2054"]
[BlackElo "2002"]
[PlyCount "85"]
[EventDate "2007.12.02"]

1. e4 d6 2. d4 Nf6 3. Nc3 g6 4. Nf3 Bg7 5. Be2 O-O 6. O-O c6 7. Be3 Bg4 8. Qd2
b5 9. h3 b4 10. Nd1 Nxe4 11. Qxb4 a5 12. Qb7 Bxf3 13. gxf3 Nd7 14. fxe4 c5 15.
dxc5 Rb8 16. Qd5 dxc5 17. c3 Rb6 18. Bxc5 Nxc5 19. Qxc5 e5 20. Qe3 Rf6 21. Bf3
Rf4 22. Bg2 f5 23. c4 Rh4 24. exf5 Rxf5 25. Qc5 e4 26. Qc6 Rg5 27. Ne3 h5 28.
Rad1 Qb8 29. Qe6+ Kh7 30. Rd7 Kh6 31. Rf7 Qe5 32. Qxe5 Bxe5 33. Kh1 Bxb2 34.
Re7 a4 35. Rxe4 Rxe4 36. Bxe4 Re5 37. Bd5 g5 38. Rd1 a3 39. Bc6 Ra5 40. Rd5 Ra6
41. Bb5 Ra8 42. c5 Kg7 43. c6 1-0

[Event "II Torneo Internacional Puente Foral. D"]
[Site "Huarte (Navarra)"]
[Date "2007.12.04"]
[Round "3.1"]
[White "Ruiz Escobar, Rafael"]
[Black "Anguas Fanlo, Sergio"]
[Result "1-0"]
[WhiteElo "2002"]
[BlackElo "2048"]
[PlyCount "58"]
[EventDate "2007.12.02"]

1. d4 d5 2. c4 e6 3. Nc3 c6 4. Nf3 Nf6 5. cxd5 exd5 6. Qc2 Bg4 7. Ne5 Bh5 8.
Bg5 Be7 9. e3 Nbd7 10. Bd3 O-O 11. Nxd7 Nxd7 12. Bxe7 Qxe7 13. Bxh7+ Kh8 14.
Bf5 g6 15. Bd3 Qg5 16. O-O Bf3 17. g3 Kg7 18. Be2 Bxe2 19. Qxe2 Rh8 20. f4 Qe7
21. e4 Qb4 22. Qd2 Nf6 23. e5 Ng4 24. h4 Nh6 25. a3 Qb6 26. Ne2 Nf5 27. b4 a5
28. Rab1 axb4 29. Rf3 bxa3 1-0

[Event "II Torneo Internacional Puente Foral. D"]
[Site "Huarte (Navarra)"]
[Date "2007.12.04"]
[Round "3.2"]
[White "Mauleon Gutierrez, Iraitz"]
[Black "Iza Abete, Amaia"]
[Result "1-0"]
[WhiteElo "1842"]
[BlackElo "2054"]
[PlyCount "79"]
[EventDate "2007.12.02"]

1. e4 e5 2. Nf3 Nc6 3. Bb5 a6 4. Ba4 Nf6 5. O-O b5 6. Bb3 Be7 7. Re1 d6 8. c3
O-O 9. h3 Bb7 10. d4 Nd7 11. Nbd2 Na5 12. Bc2 c5 13. Nf1 Bf6 14. Ng3 g6 15. a4
Nc6 16. Be3 Bg7 17. Qd2 Na5 18. b3 exd4 19. cxd4 c4 20. Qb4 Qb6 21. Rab1 d5 22.
bxc4 Nxc4 23. axb5 a5 24. Qa4 Rfc8 25. Bd3 Nf8 26. Rbc1 Nxe3 27. fxe3 Rxc1 28.
Rxc1 Bh6 29. Re1 dxe4 30. Bxe4 Bxe4 31. Nxe4 Re8 32. Ne5 Qe6 33. Nc5 Qe7 34. e4
Bd2 35. Re2 Bc3 36. b6 Qg5 37. Qxe8 Bxd4+ 38. Rf2 Qf4 39. Ncd3 Qf6 40. b7 1-0

[Event "II Torneo Internacional Puente Foral. D"]
[Site "Huarte (Navarra)"]
[Date "2007.12.04"]
[Round "3.4"]
[White "Oyaga Valencia, Jesus Maria"]
[Black "Apesteguia Domaica, Jose Antoni"]
[Result "1-0"]
[WhiteElo "1810"]
[BlackElo "1885"]
[PlyCount "131"]
[EventDate "2007.12.02"]

1. d4 Nf6 2. c4 g6 3. Nc3 Bg7 4. Nf3 O-O 5. e4 d6 6. h3 e5 7. d5 Ne8 8. Bg5 f6
9. Bh4 g5 10. Bg3 f5 11. exf5 Bxf5 12. Bd3 Bxd3 13. Qxd3 h6 14. Ne4 Nf6 15.
Nfd2 Nbd7 16. f3 Nh5 17. Bf2 Nf4 18. Qf1 Nf6 19. g3 N4h5 20. Qd3 Qe7 21. O-O-O
Qf7 22. h4 g4 23. Rdf1 Qg6 24. Nxf6+ Rxf6 25. Qxg6 Rxg6 26. Rhg1 Rf8 27. Be1
Nf6 28. fxg4 Rxg4 29. b3 Ne4 30. Rxf8+ Kxf8 31. Nxe4 Rxe4 32. Rf1+ Ke7 33. Kd1
Rg4 34. Ke2 Rg6 35. Rf5 Rf6 36. Rf3 Rxf3 37. Kxf3 h5 38. g4 hxg4+ 39. Kxg4 Kf6
40. Bd2 Bf8 41. h5 Be7 42. Be3 a6 43. Bh6 c5 44. Be3 Bf8 45. Bg5+ Kf7 46. Kf5
Be7 47. Be3 Bd8 48. h6 Be7 49. Bc1 Bd8 50. Bd2 b5 51. Be3 Bf6 52. Bd2 b4 53.
Be1 Be7 54. Bg3 Bf6 55. Bh2 Bh8 56. Bg1 Bf6 57. Be3 Be7 58. Bxc5 dxc5 59. Kxe5
Bf6+ 60. Kd6 Bd4 61. Kd7 Be5 62. d6 Kf8 63. Ke6 Bf4 64. d7 Bc7 65. h7 Kg7 66.
Ke7 1-0

[Event "II Torneo Internacional Puente Foral. D"]
[Site "Huarte (Navarra)"]
[Date "2007.12.05"]
[Round "4.1"]
[White "Anguas Fanlo, Sergio"]
[Black "Apesteguia Domaica, Jose Antoni"]
[Result "1-0"]
[WhiteElo "2048"]
[BlackElo "1885"]
[PlyCount "55"]
[EventDate "2007.12.02"]

1. f4 d5 2. Nf3 Bf5 3. b3 e6 4. Bb2 Nf6 5. e3 Bc5 6. Be2 Nc6 7. d4 Bb6 8. c3
Ne7 9. Ne5 c5 10. Bb5+ Kf8 11. Nd2 a6 12. Be2 Nc6 13. O-O Ne4 14. Nxe4 Bxe4 15.
Ba3 Qe7 16. dxc5 Nxe5 17. cxb6 Qxa3 18. fxe5 Qe7 19. Qd4 Qg5 20. Bf3 Bg6 21.
Rad1 Qe7 22. c4 dxc4 23. bxc4 Ke8 24. Qd6 f6 25. exf6 gxf6 26. Bxb7 Qxb7 27.
Qxe6+ Qe7 28. Qc6+ 1-0

[Event "II Torneo Internacional Puente Foral. D"]
[Site "Huarte (Navarra)"]
[Date "2007.12.05"]
[Round "4.2"]
[White "Aguinaga Ruiz, Jesus Luis"]
[Black "Oyaga Valencia, Jesus Maria"]
[Result "1-0"]
[WhiteElo "2063"]
[BlackElo "1810"]
[PlyCount "31"]
[EventDate "2007.12.02"]

1. d4 d5 2. Bf4 e6 3. e3 f5 4. Nf3 Nf6 5. Nbd2 Be7 6. Be2 c6 7. Ne5 O-O 8. O-O
Bd7 9. c3 Be8 10. b4 Nbd7 11. a4 Nxe5 12. Bxe5 Ne4 13. Qc2 Nxd2 14. Qxd2 a6 15.
c4 Bxb4 16. Qxb4 1-0

[Event "II Torneo Internacional Puente Foral. D"]
[Site "Huarte (Navarra)"]
[Date "2007.12.05"]
[Round "4.3"]
[White "Iza Abete, Amaia"]
[Black "Rebole Arbea, Pedro"]
[Result "1-0"]
[WhiteElo "2054"]
[BlackElo "1775"]
[PlyCount "69"]
[EventDate "2007.12.02"]

1. e4 e5 2. Bc4 Nf6 3. d3 d6 4. f4 Nc6 5. Nf3 h6 6. Nc3 Bg4 7. h3 Bxf3 8. Qxf3
Be7 9. Be3 exf4 10. Bxf4 Ne5 11. Bxe5 dxe5 12. O-O-O O-O 13. g4 Nd7 14. Rdf1
Bg5+ 15. Kb1 Qf6 16. Qg2 Qd6 17. h4 Bf4 18. g5 Kh8 19. Nd5 c6 20. Nxf4 exf4 21.
Qh2 f5 22. Qxf4 Qxf4 23. Rxf4 fxe4 24. Rxe4 Rae8 25. Rxe8 Rxe8 26. a3 b5 27.
Bf7 Re7 28. g6 h5 29. Rf1 Nf6 30. Rf5 a5 31. a4 Re1+ 32. Ka2 Re7 33. axb5 a4
34. bxc6 a3 35. Ra5 1-0

[Event "II Torneo Internacional Puente Foral. D"]
[Site "Huarte (Navarra)"]
[Date "2007.12.05"]
[Round "4.4"]
[White "Ruiz Escobar, Rafael"]
[Black "Mauleon Gutierrez, Iraitz"]
[Result "1-0"]
[WhiteElo "2002"]
[BlackElo "1842"]
[PlyCount "51"]
[EventDate "2007.12.02"]

1. d4 g6 2. Nf3 Bg7 3. c4 d6 4. h3 Nd7 5. Nc3 e5 6. Bg5 Ne7 7. dxe5 dxe5 8. e4
c6 9. Qd2 h6 10. Be3 f5 11. exf5 Nxf5 12. Bd3 Nf8 13. Rd1 Qe7 14. Ne4 Ne6 15.
c5 O-O 16. O-O Nh4 17. Nxh4 Qxh4 18. Bc2 Nf4 19. Bxf4 exf4 20. f3 Be6 21. Qb4
Bd5 22. Bb3 Rf5 23. Qxb7 Rd8 24. Qxc6 Bxb3 25. axb3 Rdf8 26. Qxg6 1-0

[Event "II Torneo Internacional Puente Foral. D"]
[Site "Huarte (Navarra)"]
[Date "2007.12.06"]
[Round "5.1"]
[White "Mauleon Gutierrez, Iraitz"]
[Black "Anguas Fanlo, Sergio"]
[Result "0-1"]
[WhiteElo "1842"]
[BlackElo "2048"]
[PlyCount "108"]
[EventDate "2007.12.02"]

1. e4 e6 2. d4 b6 3. Bd3 Bb7 4. Qe2 d5 5. e5 c5 6. c3 Nc6 7. Nf3 cxd4 8. cxd4
Nge7 9. Nc3 Ng6 10. Bg5 Be7 11. Bxe7 Qxe7 12. Nb5 Qb4+ 13. Qd2 Nf4 14. Nd6+ Ke7
15. O-O-O Qxd2+ 16. Rxd2 Nxd3+ 17. Rxd3 Bc8 18. Re1 Bd7 19. Nd2 f6 20. f4 fxe5
21. fxe5 Raf8 22. Ree3 Rf2 23. Rg3 g6 24. Nb3 Rhf8 25. Rdf3 R8xf3 26. Rxf3 Rxf3
27. gxf3 Nb4 28. Kb1 Nd3 29. Nd2 Nf4 30. Kc2 Ne2 31. Nb3 Ng1 32. Nd2 Ne2 33.
Nb3 Ng1 34. Nd2 Ba4+ 35. b3 Bd7 36. Kd3 Nh3 37. Nf1 Ng5 38. Ke2 Nf7 39. Nxf7
Kxf7 40. Ne3 h5 41. h4 Bb5+ 42. Kd2 Ke7 43. a4 Be8 44. Kc3 Kd7 45. Nc2 g5 46.
hxg5 h4 47. Ne3 h3 48. Ng4 Bg6 49. Kd2 Bf5 50. Nh2 Kc6 51. b4 a5 52. b5+ Kd7
53. Nf1 Ke7 54. Nh2 Kf7 0-1

[Event "II Torneo Internacional Puente Foral. D"]
[Site "Huarte (Navarra)"]
[Date "2007.12.06"]
[Round "5.2"]
[White "Rebole Arbea, Pedro"]
[Black "Ruiz Escobar, Rafael"]
[Result "0-1"]
[WhiteElo "1775"]
[BlackElo "2002"]
[PlyCount "102"]
[EventDate "2007.12.02"]

1. e4 c5 2. c3 Nf6 3. d3 Nc6 4. Nf3 d6 5. Be2 Bg4 6. O-O e5 7. h3 Bxf3 8. Bxf3
Be7 9. Nd2 O-O 10. Be2 Ne8 11. f4 exf4 12. Rxf4 Bg5 13. Rf1 Nc7 14. Nf3 Bxc1
15. Qxc1 Ne6 16. Qe3 Ne5 17. d4 Nxf3+ 18. Bxf3 cxd4 19. cxd4 Qb6 20. Kh1 Qxb2
21. d5 Nc5 22. Qf4 Rad8 23. Qh4 Qe5 24. Rae1 Rde8 25. Bg4 Qe7 26. Qh5 Nd3 27.
Re3 Ne5 28. Be2 a6 29. Rf4 g6 30. Qh6 f6 31. Bg4 Nf7 32. Be6 Kh8 33. Bxf7 Qxf7
34. Ref3 Qg7 35. Qxg7+ Kxg7 36. a4 Re5 37. Rb3 Rf7 38. Rb6 Rd7 39. h4 h6 40.
Rb4 g5 41. Rf5 Kg6 42. Rxe5 fxe5 43. g3 g4 44. a5 Kf7 45. Rb2 Ke8 46. Rc2 Kd8
47. Rf2 Kc7 48. Rc2+ Kb8 49. Rf2 Ka7 50. Rf5 b6 51. axb6+ Kxb6 0-1

[Event "II Torneo Internacional Puente Foral. D"]
[Site "Huarte (Navarra)"]
[Date "2007.12.06"]
[Round "5.3"]
[White "Oyaga Valencia, Jesus Maria"]
[Black "Iza Abete, Amaia"]
[Result "1/2-1/2"]
[WhiteElo "1810"]
[BlackElo "2054"]
[PlyCount "138"]
[EventDate "2007.12.02"]

1. d4 Nf6 2. c4 e6 3. Nc3 d5 4. Bg5 Be7 5. e3 O-O 6. Nf3 Nbd7 7. Rc1 dxc4 8.
Bxc4 a6 9. a3 b5 10. Ba2 c5 11. dxc5 Nxc5 12. Qxd8 Bxd8 13. O-O Nce4 14. Nxe4
Nxe4 15. Bxd8 Rxd8 16. Rc7 Bd7 17. Rfc1 Be8 18. Nd4 h6 19. f3 Nf6 20. R1c2 Rdb8
21. b4 a5 22. Bb3 axb4 23. axb4 Ra3 24. R2c3 Ra1+ 25. Kf2 Rb1 26. Rc1 Rxc1 27.
Rxc1 Ra8 28. Ke2 Ra3 29. Rb1 g5 30. Rb2 Bd7 31. Ra2 Rxa2+ 32. Bxa2 e5 33. Nc2
g4 34. Ne1 Bc6 35. e4 gxf3+ 36. gxf3 Kg7 37. Nd3 Nd7 38. Ke3 f6 39. Bd5 Bxd5
40. exd5 f5 41. f4 Kf6 42. Nc1 exf4+ 43. Kxf4 Nb6 44. d6 Nd5+ 45. Kf3 Nxb4 46.
Nb3 Ke5 47. d7 Nc6 48. Ke3 b4 49. Nd4 Nd8 50. Kd3 f4 51. Nf3+ Kd5 52. Nd2 Nf7
53. Kc2 Kd4 54. Kb3 Kd3 55. Nf3 Ke3 56. Ne5 Nd8 57. Ng4+ Ke4 58. Nxh6 f3 59.
Ng4 Nc6 60. Nf2+ Kd5 61. Ng4 Ke6 62. d8=Q Nxd8 63. Kxb4 Kf5 64. Nf2 Kf4 65. Kc3
Ke3 66. Ng4+ Ke2 67. h4 Nf7 68. h5 Ke1 69. Kd4 f2 {(=)} 1/2-1/2

[Event "II Torneo Internacional Puente Foral. D"]
[Site "Huarte (Navarra)"]
[Date "2007.12.06"]
[Round "5.4"]
[White "Apesteguia Domaica, Jose Antoni"]
[Black "Aguinaga Ruiz, Jesus Luis"]
[Result "0-1"]
[WhiteElo "1885"]
[BlackElo "2063"]
[PlyCount "65"]
[EventDate "2007.12.02"]

1. d4 Nf6 2. c4 Nc6 3. Nc3 e5 4. d5 Ne7 5. e4 Ng6 6. Nf3 Bc5 7. Bd3 d6 8. O-O
a6 9. h3 O-O 10. Qc2 Nh5 11. Be3 Nhf4 12. Qd2 b6 13. Ne2 Qf6 14. Nxf4 Nxf4 15.
Bxf4 exf4 16. b4 Bd4 17. Nxd4 Qxd4 18. Kh2 a5 19. b5 Bd7 20. Rac1 Rae8 21. f3
Qf6 22. Qf2 Re5 23. Rfe1 Rg5 24. Rc2 Rg6 25. Bf1 Re8 26. Rce2 Re5 27. Qd4 h6
28. Rd1 Qh4 29. Rdd2 f6 30. a4 Rh5 31. Rc2 Bxh3 32. Kg1 Rhg5 33. Qd2 0-1

[Event "II Torneo Internacional Puente Foral. D"]
[Site "Huarte (Navarra)"]
[Date "2007.12.07"]
[Round "6.1"]
[White "Anguas Fanlo, Sergio"]
[Black "Aguinaga Ruiz, Jesus Luis"]
[Result "1/2-1/2"]
[WhiteElo "2048"]
[BlackElo "2063"]
[PlyCount "114"]
[EventDate "2007.12.02"]

1. d4 e6 2. c4 b6 3. e4 Bb7 4. Nc3 Bb4 5. f3 Ne7 6. Bd3 O-O 7. Nge2 d6 8. O-O
e5 9. Qb3 Na6 10. a3 Bxc3 11. Qxc3 exd4 12. Nxd4 Nc5 13. Bc2 a5 14. Bg5 f6 15.
b4 Qd7 16. bxc5 bxc5 17. Nb3 fxg5 18. Nxa5 Ba6 19. Nb3 Ng6 20. Rad1 Qf7 21. Nd2
Nf4 22. Rfe1 Ne6 23. e5 Nd4 24. Be4 c6 25. exd6 Qd7 26. Nb3 Qxd6 27. Nxd4 cxd4
28. Qxd4 Qxd4+ 29. Rxd4 Rae8 30. Kf2 Rc8 31. Rb1 Rc7 32. Rb6 Bb7 33. Rd6 Rfc8
34. c5 Kf8 35. Bxh7 Ra8 36. Be4 Rxa3 37. Bxc6 Ba6 38. Be4 Ra2+ 39. Kg3 Bf1 40.
Kg4 Rxg2+ 41. Kf5 Rxc5+ 42. Bd5 Bd3+ 43. Ke5 Rc8 44. Rd7 g4 45. Rf7+ Ke8 46.
Rxg7 gxf3 47. Rxg2 fxg2 48. Bxg2 Rc7 49. Rh6 Kf8 50. Bd5 Rh7 51. Rf6+ Ke7 52.
Rf2 Rh5+ 53. Kd4 Bg6 54. Rg2 Kf6 55. Bf3 Rh4+ 56. Ke3 Bf7 57. Kf2 Rf4 1/2-1/2

[Event "II Torneo Internacional Puente Foral. D"]
[Site "Huarte (Navarra)"]
[Date "2007.12.07"]
[Round "6.2"]
[White "Iza Abete, Amaia"]
[Black "Apesteguia Domaica, Jose Antoni"]
[Result "1-0"]
[WhiteElo "2054"]
[BlackElo "1885"]
[PlyCount "89"]
[EventDate "2007.12.02"]

1. e4 d6 2. d4 Nf6 3. Nc3 g6 4. Be2 Bg7 5. f4 O-O 6. Nf3 c5 7. d5 Nbd7 8. O-O
a6 9. a4 b6 10. e5 Ne8 11. e6 fxe6 12. dxe6 Ndf6 13. Ng5 Nc7 14. Bg4 Nxg4 15.
Qxg4 h6 16. Nh3 Bxe6 17. Qxg6 Bf5 18. Qh5 Qe8 19. Qe2 Bxh3 20. gxh3 e6 21. Ne4
d5 22. Ng3 e5 23. f5 Qf7 24. Nh5 Ne8 25. Ra3 Kh7 26. Nxg7 Rg8 27. Qxe5 Qxg7+
28. Qxg7+ Rxg7+ 29. Rg3 Nf6 30. Rf4 Re8 31. Rxg7+ Kxg7 32. Kf1 Re4 33. Kf2
Rxf4+ 34. Bxf4 Ne4+ 35. Ke3 b5 36. axb5 axb5 37. Be5+ Kf7 38. c3 Ke7 39. b3 Nd6
40. Kf4 Kd7 41. Bg7 Nf7 42. Kg4 Kd6 43. Kf4 Ke7 44. b4 Kd6 45. Bf8+ 1-0

[Event "II Torneo Internacional Puente Foral. D"]
[Site "Huarte (Navarra)"]
[Date "2007.12.07"]
[Round "6.3"]
[White "Ruiz Escobar, Rafael"]
[Black "Oyaga Valencia, Jesus Maria"]
[Result "1-0"]
[WhiteElo "2002"]
[BlackElo "1810"]
[PlyCount "35"]
[EventDate "2007.12.02"]

1. d4 d5 2. c4 e6 3. Nc3 Nf6 4. cxd5 exd5 5. Bg5 Be7 6. Qc2 O-O 7. e3 b6 8. Bd3
h6 9. Bh4 Bb7 10. Nf3 c5 11. O-O Nc6 12. dxc5 Nb4 13. Qe2 Nxd3 14. Qxd3 bxc5
15. Rad1 Qa5 16. Rfe1 Rfd8 17. Qd2 Ne4 18. Nxe4 1-0

[Event "II Torneo Internacional Puente Foral. D"]
[Site "Huarte (Navarra)"]
[Date "2007.12.07"]
[Round "6.4"]
[White "Mauleon Gutierrez, Iraitz"]
[Black "Rebole Arbea, Pedro"]
[Result "1-0"]
[WhiteElo "1842"]
[BlackElo "1775"]
[PlyCount "73"]
[EventDate "2007.12.02"]

1. e4 e5 2. Nf3 Nc6 3. Bb5 g6 4. O-O Bg7 5. c3 Nf6 6. Bxc6 dxc6 7. Nxe5 Nxe4 8.
Re1 f5 9. Nxc6 bxc6 10. f3 O-O 11. fxe4 f4 12. d4 Qh4 13. Rf1 Bg4 14. Qb3+ Kh8
15. Nd2 Be2 16. Nf3 Bxf3 17. gxf3 g5 18. Qe6 h5 19. Kg2 g4 20. fxg4 hxg4 21.
Rxf4 Qh3+ 22. Kg1 Rae8 23. Qxg4 Bxd4+ 24. Kh1 Qf1+ 25. Rxf1 Rxf1+ 26. Kg2 Rg1+
27. Kh3 Rxg4 28. Kxg4 Bg1 29. Bf4 Rg8+ 30. Kf3 Bc5 31. Be5+ Kh7 32. Bd4 Rf8+
33. Ke3 Be7 34. Rg1 Rf7 35. b4 Bh4 36. Rg2 Rf1 37. Rg7+ 1-0

[Event "II Torneo Internacional Puente Foral. D"]
[Site "Huarte (Navarra)"]
[Date "2007.12.08"]
[Round "7.1"]
[White "Rebole Arbea, Pedro"]
[Black "Anguas Fanlo, Sergio"]
[Result "1/2-1/2"]
[WhiteElo "1775"]
[BlackElo "2048"]
[PlyCount "60"]
[EventDate "2007.12.02"]

1. e4 c6 2. d4 d5 3. exd5 cxd5 4. Bd3 Nc6 5. Nf3 Bg4 6. c3 e6 7. O-O h6 8. Nbd2
Nf6 9. Qb3 Qc7 10. Re1 Rd8 11. Qc2 Bxf3 12. Nxf3 Bd6 13. h3 Bf4 14. Be3 O-O 15.
Qd2 Nh5 16. Bc2 Bxe3 17. Rxe3 Qe7 18. Rae1 Rd6 19. Ne5 Qg5 20. Nf3 Qe7 21. Ne5
Nxe5 22. dxe5 Rb6 23. Rf3 Qg5 24. Re2 Qxd2 25. Rxd2 g6 26. g4 Ng7 27. Bb3 h5
28. c4 hxg4 29. hxg4 dxc4 30. Bxc4 Rc6 {Resto ilegible} 1/2-1/2

[Event "II Torneo Internacional Puente Foral. D"]
[Site "Huarte (Navarra)"]
[Date "2007.12.08"]
[Round "7.2"]
[White "Oyaga Valencia, Jesus Maria"]
[Black "Mauleon Gutierrez, Iraitz"]
[Result "0-1"]
[WhiteElo "1810"]
[BlackElo "1842"]
[PlyCount "70"]
[EventDate "2007.12.02"]

1. d4 g6 2. c4 Bg7 3. Nc3 d6 4. e4 Nc6 5. Be3 e5 6. d5 Nce7 7. Bd3 f5 8. exf5
Nxf5 9. Bd2 Qe7 10. Ne4 Nf6 11. Nf3 O-O 12. O-O Nxe4 13. Bxe4 Nh4 14. Nxh4 Qxh4
15. f3 Bf5 16. Re1 Rf7 17. Re2 Raf8 18. Qe1 Qf6 19. Qg3 h6 20. Rae1 g5 21. h3
Kh8 22. Bxf5 Qxf5 23. Re4 Bf6 24. Qg4 Qg6 25. R1e2 Rg8 26. Qg3 h5 27. b3 Rfg7
28. Qe1 Rh7 29. Qg3 Qf5 30. Kh2 g4 31. Bc1 h4 32. Qe1 gxh3 33. gxh3 Qxf3 34.
Rf2 Qg3+ 35. Kh1 Qxh3+ 0-1

[Event "II Torneo Internacional Puente Foral. D"]
[Site "Huarte (Navarra)"]
[Date "2007.12.08"]
[Round "7.3"]
[White "Apesteguia Domaica, Jose Antoni"]
[Black "Ruiz Escobar, Rafael"]
[Result "1/2-1/2"]
[WhiteElo "1885"]
[BlackElo "2002"]
[PlyCount "31"]
[EventDate "2007.12.02"]

1. d4 d5 2. c4 e6 3. Nf3 Nf6 4. Nc3 dxc4 5. e3 a6 6. Bxc4 b5 7. Bd3 Bb7 8. O-O
Nbd7 9. b3 Be7 10. Bb2 O-O 11. Rc1 c5 12. dxc5 Nxc5 13. Bb1 Qxd1 14. Rfxd1 b4
15. Ne2 Rad8 16. Bd4 1/2-1/2

[Event "II Torneo Internacional Puente Foral. D"]
[Site "Huarte (Navarra)"]
[Date "2007.12.08"]
[Round "7.4"]
[White "Aguinaga Ruiz, Jesus Luis"]
[Black "Iza Abete, Amaia"]
[Result "1/2-1/2"]
[WhiteElo "2063"]
[BlackElo "2054"]
[PlyCount "72"]
[EventDate "2007.12.02"]

1. d4 e6 2. Nf3 d5 3. e3 Nf6 4. Bd3 Nbd7 5. Nbd2 Be7 6. O-O O-O 7. c3 b6 8. e4
dxe4 9. Nxe4 Bb7 10. Nxf6+ Nxf6 11. Qe2 Qd5 12. c4 Qh5 13. d5 Bd6 14. Bg5 Bxh2+
15. Nxh2 Qxg5 16. f4 Qh5 17. dxe6 fxe6 18. Qxe6+ Kh8 19. Qe5 Rad8 20. Be2 Qg6
21. Bf3 Rfe8 22. Qxc7 Rd7 23. f5 Qg5 24. Qxd7 Nxd7 25. Bxb7 Nc5 26. Rae1 Rd8
27. Bd5 Nd3 28. Nf3 Qf6 29. Re2 Nf4 30. Re5 Nxd5 31. cxd5 h6 32. Rfe1 Kh7 33.
Nd4 Rc8 34. Nc6 a6 35. b3 Qd6 36. Kh1 Qf6 1/2-1/2

[Event "II Torneo Internacional Puente Foral. E"]
[Site "Huarte (Navarra)"]
[Date "2007.12.02"]
[Round "1.1"]
[White "Fahmy Moursy, Tarek"]
[Black "Leranoz Zabalza, Adrian"]
[Result "1-0"]
[WhiteElo "1865"]
[BlackElo "2071"]
[PlyCount "69"]
[EventDate "2007.12.02"]

1. d4 Nf6 2. c4 Nc6 3. Nc3 e5 4. d5 Ne7 5. e4 Ng6 6. Qb3 Bc5 7. f3 O-O 8. Nge2
a6 9. Na4 Ba7 10. Be3 b5 11. Bxa7 Rxa7 12. Qe3 Ra8 13. cxb5 axb5 14. Nc5 d6 15.
Nd3 Nd7 16. Ng3 Nb6 17. Nb4 Nf4 18. b3 Qg5 19. Kd2 c5 20. dxc6 d5 21. Qxb6 dxe4
22. Nxe4 Qh6 23. Qe3 Rd8+ 24. Kc2 Qg6 25. Kb2 Bf5 26. g3 Ne6 27. Be2 Bxe4 28.
fxe4 Nd4 29. Rhc1 Qd6 30. Nd5 Qa3+ 31. Kb1 Rac8 32. Bg4 Rxc6 33. Rxc6 Nxc6 34.
Qc1 Qa6 35. Qxc6 1-0

[Event "II Torneo Internacional Puente Foral. E"]
[Site "Huarte (Navarra)"]
[Date "2007.12.02"]
[Round "1.2"]
[White "Sola Plaza, Gregorio"]
[Black "Monje Peinado, Roberto"]
[Result "1/2-1/2"]
[WhiteElo "2030"]
[BlackElo "2042"]
[PlyCount "46"]
[EventDate "2007.12.02"]

1. e4 c5 2. Nf3 Nc6 3. Bb5 g6 4. c3 Bg7 5. d4 Qb6 6. a4 cxd4 7. cxd4 Nxd4 8.
Nc3 Nxb5 9. Nxb5 a6 10. Be3 Qa5+ 11. Bd2 Qd8 12. Nc3 Nf6 13. a5 d5 14. e5 Ne4
15. Nxe4 dxe4 16. Qa4+ Bd7 17. Qxe4 Bc6 18. Qe3 Qd7 19. Bc3 Qg4 20. O-O Bxf3
21. Qxf3 Qxf3 22. gxf3 O-O 23. Kg2 Rfd8 {(=)} 1/2-1/2